[Event "VIE-ch U09"]
[White "Nguyen, Viet Bach"]
[Black "Bui, Trong Thanh"]
[Site "Ho Chi Minh City"]
[Round "5"]
[Result "1-0"]
[Date "2014.07.15"]
[WhiteElo "1535"]
[BlackElo "1460"]
[PlyCount "75"]
[EventDate "2014.07.13"]
[EventType "swiss"]
[EventRounds "9"]
[EventCountry "VIE"]
[SourceTitle "EXT 2016"]
[Source "ChessBase"]
[SourceDate "2015.10.08"]
[SourceVersion "1"]
[SourceVersionDate "2015.10.08"]
[SourceQuality "1"]

1. Nf3 d5 2. d4 Bf5 3. g3 Nc6 4. Bg2 Nb4 5. Na3 e6 6. c3 Nc6 7. Nc2 Bxc2 8. Qxc2 Bd6 9. 0-0 Nf6 10. b3 0-0 11. c4 dxc4 12. bxc4 Nb4 13. Qc3 Ne4 14. Qb3 a5 15. Bb2 a4 16. Qd1 a3 17. Bc1 Nc3 18. Qd2 Ncxa2 19. c5 Nxc1 20. Rfxc1 Be7 21. Qxb4 a2 22. Nd2 Bf6 23. e3 e5 24. Ne4 Be7 25. Rd1 Qe8 26. Nc3 Bf6 27. Rxa2 Rxa2 28. Nxa2 Be7 29. Qxb7 Qd7 30. Bf3 Qh3 31. Qxc7 Re8 32. Bc6 Bd8 33. Qb8 Rf8 34. dxe5 Ba5 35. Rb1 Qf5 36. Qxf8+ Kxf8 37. Rb8+ Ke7 38. Re8# 1-0

[Event "VIE-ch U09"]
[White "Nguyen, Quang Hieu"]
[Black "Bui, Trong Thanh"]
[Site "Ho Chi Minh City"]
[Round "1"]
[Result "0-1"]
[Date "2014.07.13"]
[WhiteElo "1511"]
[BlackElo "1460"]
[PlyCount "48"]
[EventDate "2014.07.13"]
[EventType "swiss"]
[EventRounds "9"]
[EventCountry "VIE"]
[SourceTitle "EXT 2016"]
[Source "ChessBase"]
[SourceDate "2015.10.08"]
[SourceVersion "1"]
[SourceVersionDate "2015.10.08"]
[SourceQuality "1"]

1. e4 e5 2. Nf3 Nf6 3. Nc3 Nc6 4. Bb5 Be7 5. Bxc6 dxc6 6. Nxe5 0-0 7. d3 Bd6 8. Nc4 Bg4 9. f3 Be6 10. Nxd6 cxd6 11. 0-0 Qb6+ 12. Kh1 Rad8 13. Re1 d5 14. Be3 Qc7 15. Bxa7 dxe4 16. Bc5 Rfe8 17. Nxe4 Nxe4 18. Rxe4 Rd5 19. Bf2 Rh5 20. Bg3 Qxg3 21. h3 Kf8 22. Qd2 Bxh3 23. Qb4+ c5 24. Rae1 Qxg2# 0-1